Logo BPK

Biblioteka

Politechniki Koszalińskiej

Media polskie w Internecie / (Rekord nr 40365)

Szczegóły MARC
000 -ETYKIETA REKORDU
podpole kontrolne o stałej długości 00855nam a2200241 i 4500
001 - NUMER KONTROLNY REKORDU
pole kontrolne bg
020 ## - MIĘDZYNARODOWY ZNORMALIZOWANY NUMER KSIĄŻKI - ISBN
ISBN 8387704334
040 ## - ŹRÓDŁO KATALOGOWANIA
Instytucja, która utworzyła rekord BPK
041 0# - KOD JĘZYKA
Kod języka tekstu pl
080 ## - UNIWERSALNA KLASYFIKACJA DZIESIĘTNA - UKD
UKD 659.3(438)
920 ## - Międzynarodowy znormalizowany numer książki – ISBN
ISBN 83-87704-33-4
008 - POLE O STAŁEJ DŁUGOŚCI - DANE KONTROLNE
podpole kontrolne o stałej długości s pl f |000 0 pol
100 1# - NAZWA OSOBOWA
Nazwa osobowa POLOWCZYK-KUIK, Żaneta
245 10 - TYTUŁ/ODPOWIEDZIALNOŚĆ
Tytuł Media polskie w Internecie /
Pozostałe elementy strefy tytułu i oznaczenia odpowiedzialności Żaneta Polowczyk-Kuik ; Uniwersytet im. Adama Mickiewicza. Instytut Nauk Politycznych i Dziennikarstwa.
260 ## - STREFA ADRESU WYDAWNICZEGO
Miejsce wydania Poznań :
Nazwa wydawcy/dystrybutora Wydaw. Naukowe INPiD,
Data publikacji, dystrybucji/powstania dokumentu 2001.
300 ## - STREFA OPISU FIZYCZNEGO
Objętość 131 s. :
Inne cechy fizyczne il. ;
Rozmiary 24 cm.
504 ## - UWAGA DOTYCZĄCA BIBLIOGRAFII
Informacje o bibliografii Bibliogr.
650 #9 - HASŁO PRZEDMIOTOWE W FORMIE NAZWY OGÓLNEJ LUB JEDNOSTKOWEJ
Nazwa ogólna lub geograficzna Środki masowego przekazu
Określnik geograficzny Polska
650 #9 - HASŁO PRZEDMIOTOWE W FORMIE NAZWY OGÓLNEJ LUB JEDNOSTKOWEJ
Nazwa ogólna lub geograficzna Internet
Określnik ogólny stosowanie
710 #0 - HASŁO DODATKOWE - NAZWA CIAŁA ZBIOROWEGO
Nazwa ciała zbiorowego lub jednostki geograficznej Uniwersytet im. Adama Mickiewicza (Poznań)
Nazwa jednostki podrzędnej Instytut Nauk Politycznych i Dziennikarstwa
856 ## - LOKALIZACJA I DOSTĘP DO ELEKTRONICZNYCH DOKUMENTÓW ZDALNYCH
Link (URL) http://koha.tu.koszalin.pl/cgi-bin/koha/opac-detail.pl?biblionumber=40365
Tekst linku Katalog online BPK
942 ## - DODATKOWE ELEMENTY (KOHA)
Typ dokumentu Książka
Egzemplarze
Wycofany Status egzemplarza Uszkodzony Dostępność Lokalizacja stała Lokalizacja bieżąca Miejsce przechowywania Sygnatura Kod kreskowy Dział Typ dokumentu Ostatnio wypożyczono
      Tylko na miejscu Biblioteka Politechniki Koszalińskiej Biblioteka Politechniki Koszalińskiej Czytelnia Wydziałowa ul. Kwiatkowskiego 6e 61072 01636918 07 Mass media. Dziennikarstwo Książka  
      Dostępny Biblioteka Politechniki Koszalińskiej Biblioteka Politechniki Koszalińskiej Wypożyczalnia BG 61073 01636901   Książka 07.03.2016
© 2023 Biblioteka Politechniki Koszalińskiej :: KOHA